[Event "TCh-FRA Top 16 GpA 2023"]
[Site "Chartres FRA"]
[Date "2023.06.05"]
[Round "5.4"]
[Board "4"]
[White "Abergel, Thal"]
[Black "Tahay, Alexis"]
[Result "1/2-1/2"]
[WhiteTitle "GM"]
[BlackTitle "IM"]
[WhiteElo "2373"]
[BlackElo "2421"]
[WhiteTeam "Tremblay en France"]
[BlackTeam "Lyon Olympique Echecs"]
[WhiteFideId "614890"]
[BlackFideId "26090961"]
[EventDate "2023.06.01"]

1. d4 Nf6 2. c4 e6 3. Nc3 Bb4 4. a3 Bxc3+ 5. bxc3 c5 6. e3 b6 7. Bd3 Bb7 8. f3
Nc6 9. Ne2 O-O 10. O-O Na5 11. e4 Ne8 12. Ng3 Nd6 13. e5 Ndxc4 14. Qe2 Bd5 15.
Ne4 cxd4 16. cxd4 Rc8 17. Rb1 f5 18. exf6 gxf6 19. Bh6 Rf7 20. Qf2 Kh8 21. Qh4
Qe7 22. Rbe1 Nd6 23. Nxd6 Qxd6 24. Bg6 Qe7 25. Bxf7 Qxf7 26. f4 Qg6 27. Rf2 Qf5
28. h3 Nc6 29. g4 Rg8 30. Kh2 Qg6 31. f5 exf5 32. Rxf5 Nxd4 33. Qxf6+ Qxf6 34.
Rxf6 Nf3+ 35. Rxf3 Bxf3 36. Re7 1/2-1/2

[Event "TCh-FRA Top 16 GpA 2023"]
[Site "Chartres FRA"]
[Date "2023.06.05"]
[Round "5.4"]
[Board "5"]
[White "Vernay, Clovis"]
[Black "Vlachos, Anatole"]
[Result "0-1"]
[WhiteTitle "GM"]
[BlackTitle "IM"]
[WhiteElo "2491"]
[BlackElo "2448"]
[WhiteTeam "Lyon Olympique Echecs"]
[BlackTeam "Tremblay en France"]
[WhiteFideId "633046"]
[BlackFideId "26093189"]
[EventDate "2023.06.01"]

1. d4 f5 2. c4 Nf6 3. Nc3 e6 4. e3 Be7 5. Bd3 O-O 6. Nge2 d6 7. Qc2 Nc6 8. a3 g6
9. Bd2 e5 10. f3 a5 11. h3 Kh8 12. O-O a4 13. d5 Nb8 14. e4 f4 15. Nxa4 g5 16.
Rfc1 Qe8 17. Nec3 Bd7 18. b3 h5 19. Kf2 Qg6 20. Rh1 Kg7 21. Ke2 g4 22. Rag1 Nh7
23. Kd1 Na6 24. Kc1 Ng5 25. Be2 Kf7 26. Kb1 gxf3 27. gxf3 h4 28. Qd1 Qh5 29. Qf1
Rg8 30. Be1 Rg6 31. Kc2 Rag8 32. Nb2 Nh7 33. Rxg6 Qxg6 34. b4 Qg2 35. Kd1 Nf6
36. Nd3 Nh5 37. Qxg2 Rxg2 38. Bf1 Rg8 39. Be2 Ng3 40. Rh2 c6 41. Nf2 Nc7 42. Bd3
Ra8 43. Kc1 Rxa3 44. Kb2 Ra8 45. Ng4 Na6 46. Na2 c5 47. b5 Nc7 48. Nc1 Ne8 49.
Rf2 Nf6 50. Ne2 Nh7 51. Ng1 Ng5 52. Rh2 Bd8 53. Bc3 Ba5 54. Bxa5 Rxa5 55. Rc2
Ke7 56. Nf2 Kd8 57. Rc1 Ra8 58. Re1 Kc7 59. Bc2 Kb6 60. Rb1 Rg8 61. Re1 Nh5 62.
Bd1 Nf7 63. Ng4 Ng5 64. Nf2 Bc8 65. Kc2 Kc7 66. Be2 Nf6 67. Rf1 Nd7 68. Ng4 Nb6
69. Rf2 Bxg4 70. hxg4 Ra8 71. Rh2 Ra1 72. Nh3 Nxf3 73. Kb2 Nxh2 0-1

[Event "TCh-FRA Top 16 GpA 2023"]
[Site "Chartres FRA"]
[Date "2023.06.05"]
[Round "5.4"]
[Board "6"]
[White "Kuhn, Clement"]
[Black "Buscara, Sevan"]
[Result "1-0"]
[WhiteTitle "FM"]
[BlackTitle "IM"]
[WhiteElo "2313"]
[BlackElo "2361"]
[WhiteTeam "Tremblay en France"]
[BlackTeam "Lyon Olympique Echecs"]
[WhiteFideId "36099775"]
[BlackFideId "650234"]
[EventDate "2023.06.01"]

1. e4 c5 2. Nf3 d6 3. Bb5+ Nd7 4. c3 Nf6 5. Bd3 e5 6. O-O Be7 7. Bc2 O-O 8. d4
b5 9. Nbd2 a5 10. d5 Ba6 11. Re1 c4 12. b4 cxb3 13. axb3 b4 14. Bb2 Nc5 15. Nf1
Qb6 16. cxb4 axb4 17. N3d2 Nfd7 18. Ne3 g6 19. Ndc4 Qc7 20. Qd2 Rfb8 21. Ra2 Bg5
22. Rea1 Nf6 23. Qe1 Qd8 24. Na5 Bb5 25. Nec4 Qf8 26. g3 h5 27. f4 exf4 28. gxf4
Re8 29. fxg5 Nfxe4 30. Qf1 Qe7 31. h4 Nd2 32. Qf6 Qxf6 33. Bxf6 Bxc4 34. Nxc4
Rxa2 35. Rxa2 Nxc4 36. bxc4 b3 37. Bxb3 Nxb3 38. Ra6 Nd2 39. c5 Ne4 40. c6 Nxf6
41. gxf6 g5 42. Ra7 gxh4 43. Rd7 Kh7 44. Rxd6 Re1+ 45. Kh2 Rc1 46. Rd8 Rc2+ 47.
Kh3 Rc3+ 48. Kxh4 Rc4+ 49. Kxh5 Rd4 50. Rd7 Kg8 51. c7 Rc4 52. Kg5 Rc5 53. Kf4 1-0

[Event "TCh-FRA Top 16 GpA 2023"]
[Site "Chartres FRA"]
[Date "2023.06.05"]
[Round "5.4"]
[Board "7"]
[White "Benitah, Yohan"]
[Black "Shirazi, Kamran"]
[Result "1-0"]
[WhiteTitle "IM"]
[BlackTitle "IM"]
[WhiteElo "2361"]
[BlackElo "2278"]
[WhiteTeam "Lyon Olympique Echecs"]
[BlackTeam "Tremblay en France"]
[WhiteFideId "609560"]
[BlackFideId "2000733"]
[EventDate "2023.06.01"]

1. d4 Nf6 2. c4 a6 3. g3 h5 4. h3 d6 5. Bg2 g6 6. Nc3 Bg7 7. Nf3 O-O 8. O-O Nbd7
9. Bf4 c6 10. a4 Nh7 11. d5 Ne5 12. Nxe5 dxe5 13. Be3 Bd7 14. a5 Qc8 15. Kh2 e6
16. Na4 Qe8 17. Nb6 Rd8 18. Bc5 cxd5 19. Bxf8 Bxf8 20. cxd5 Bb5 21. Qc2 exd5 22.
Bxd5 Nf6 23. Rfd1 e4 24. Bxb7 Rb8 25. Bd5 h4 26. Qc7 e3 27. fxe3 Bxe2 28. Rd2
hxg3+ 29. Qxg3 Bh5 30. Rf1 Bg7 31. Kh1 Kh7 32. Qf4 Rd8 33. Rff2 Nxd5 34. Rxd5
Rxd5 35. Nxd5 f5 36. Kg1 Qe6 37. Rd2 Qc6 38. Nc3 Qc5 39. Rd7 Qxa5 40. Qc7 Qxc7
41. Rxc7 Kh6 42. Kg2 Be5 43. Rc6 f4 44. exf4 Bxf4 45. Rxa6 Be5 46. Rc6 Kg7 47.
b4 g5 48. Rc5 Bf4 49. b5 Be3 50. Rc7+ Bf7 51. Nd5 Bd4 52. b6 Kf8 53. Rxf7+ Kxf7
54. b7 Ke6 55. b8=Q Kxd5 1-0

[Event "TCh-FRA Top 16 GpA 2023"]
[Site "Chartres FRA"]
[Date "2023.06.05"]
[Round "5.4"]
[Board "8"]
[White "Aflalo, Sophie"]
[Black "Djidjeli, Sarah"]
[Result "1/2-1/2"]
[BlackTitle "WFM"]
[WhiteElo "2120"]
[BlackElo "2018"]
[WhiteTeam "Tremblay en France"]
[BlackTeam "Lyon Olympique Echecs"]
[WhiteFideId "656887"]
[BlackFideId "36067474"]
[EventDate "2023.06.01"]

1. e4 c5 2. b4 cxb4 3. a3 e5 4. Nf3 Nc6 5. Bb2 Nf6 6. Nxe5 Nxe5 7. Bxe5 Qe7 8.
d4 Nxe4 9. Be2 d6 10. Bf4 g6 11. O-O Bg7 12. Bb5+ Kf8 13. Re1 d5 14. f3 Qf6 15.
Be5 Qb6 16. Bxg7+ Kxg7 17. Bf1 Nf6 18. axb4 Qxb4 19. c3 Qd6 20. Na3 Be6 21. Qb3
a6 22. Nc2 Rhc8 23. Ra3 Rc7 24. Nb4 Rac8 25. Qb2 Qb6 26. Rb3 Qd6 27. Nd3 Nd7 28.
Ra1 Bf5 29. Rxb7 Rxc3 30. Nb4 Qf4 31. Qf2 Rc2 32. Nxc2 Rxc2 33. g3 Qh6 34. Be2
Qd2 35. Re1 Nf8 36. Rbb1 h5 37. Rbd1 Qc3 38. h3 g5 39. Kh2 Ne6 40. h4 f6 41.
hxg5 Nxg5 42. Qg2 Nxf3+ 43. Bxf3 Qxf3 44. Rd2 Qxg2+ 45. Rxg2 Rxg2+ 46. Kxg2 Kg6
47. Re3 Bd7 48. Re7 Bb5 49. Kf3 Kf5 50. Rh7 Kg6 51. Rh8 Kg5 52. Rg8+ Kf5 53. Rh8
Kg5 54. Rg8+ Kf5 55. Rh8 Kg5 56. Rd8 Bc4 57. Ra8 Bb5 58. Ke3 Kg4 59. Rg8+ Kf5
60. Rh8 Kg4 61. Rg8+ Kf5 62. Rh8 Kg4 63. Rg8+ 1/2-1/2

[Event "TCh-FRA Top 16 GpA 2023"]
[Site "Chartres FRA"]
[Date "2023.06.06"]
[Round "6.1"]
[Board "2"]
[White "Van Foreest, Lucas"]
[Black "Tiviakov, Sergei"]
[Result "1/2-1/2"]
[WhiteTitle "GM"]
[BlackTitle "GM"]
[WhiteElo "2547"]
[BlackElo "2548"]
[WhiteTeam "Tremblay en France"]
[BlackTeam "C'Chartres Echecs"]
[WhiteFideId "1039792"]
[BlackFideId "1008013"]
[EventDate "2023.06.01"]

1. c4 e5 2. g3 Nf6 3. Bg2 d5 4. cxd5 Nxd5 5. Nf3 Nc6 6. O-O Nb6 7. b3 Bd6 8. Bb2
O-O 9. Nc3 Qe7 10. Nb5 Bg4 11. d3 Bc5 12. a3 a6 13. Nc3 f5 14. b4 Bd6 15. e3 Kh8
16. Qc2 Qf7 17. h3 Bh5 18. Rae1 Qd7 19. Ba1 Rae8 20. b5 axb5 21. Nxb5 Nb4 22.
axb4 Qxb5 23. Nd2 1/2-1/2

[Event "TCh-FRA Top 16 GpA 2023"]
[Site "Chartres FRA"]
[Date "2023.06.06"]
[Round "6.1"]
[Board "3"]
[White "Mamedov, Rauf"]
[Black "Abergel, Thal"]
[Result "1/2-1/2"]
[WhiteTitle "GM"]
[BlackTitle "GM"]
[WhiteElo "2642"]
[BlackElo "2373"]
[WhiteTeam "C'Chartres Echecs"]
[BlackTeam "Tremblay en France"]
[WhiteFideId "13401653"]
[BlackFideId "614890"]
[EventDate "2023.06.01"]

1. e4 c6 2. Nf3 d5 3. Nc3 Bg4 4. h3 Bxf3 5. Qxf3 e6 6. g3 Nd7 7. d4 Qb6 8. exd5
cxd5 9. Bb5 Nf6 10. Bg5 a6 11. Bxd7+ Nxd7 12. O-O Bd6 13. Ne2 O-O 14. Rab1 Qc6
15. Rbc1 1/2-1/2

[Event "TCh-FRA Top 16 GpA 2023"]
[Site "Chartres FRA"]
[Date "2023.06.06"]
[Round "6.1"]
[Board "4"]
[White "Vlachos, Anatole"]
[Black "Guliyev, Namig"]
[Result "0-1"]
[WhiteTitle "IM"]
[BlackTitle "GM"]
[WhiteElo "2448"]
[BlackElo "2521"]
[WhiteTeam "Tremblay en France"]
[BlackTeam "C'Chartres Echecs"]
[WhiteFideId "26093189"]
[BlackFideId "13400363"]
[EventDate "2023.06.01"]

1. e4 e5 2. Nf3 Nf6 3. Nxe5 d6 4. Nf3 Nxe4 5. d4 d5 6. Bd3 Be7 7. O-O Bf5 8. Re1
O-O 9. Nbd2 Nd6 10. Nf1 c6 11. Bxf5 Nxf5 12. Qd3 g6 13. Ne3 Nxe3 14. Bxe3 Nd7
15. Re2 Re8 16. Rae1 Bf6 17. h4 Nf8 18. h5 Re4 19. Bc1 Rxe2 20. Qxe2 Ne6 21. c3
Qd6 22. h6 Re8 23. g3 Bd8 24. b3 f6 25. Qd3 Kf7 26. c4 Ba5 27. Re2 Qd7 28. c5
Nf8 29. Bd2 Bc7 30. Nh4 Rxe2 31. Qxe2 Qe6 32. Kf1 Qh3+ 33. Kg1 g5 34. Bxg5 fxg5
35. Qh5+ Ng6 36. Qf3+ Nf4 37. gxf4 Qxh4 38. fxg5+ Bf4 0-1

[Event "TCh-FRA Top 16 GpA 2023"]
[Site "Chartres FRA"]
[Date "2023.06.06"]
[Round "6.1"]
[Board "5"]
[White "Maurizzi, Marc'Andria"]
[Black "Flom, Gabriel"]
[Result "1/2-1/2"]
[WhiteTitle "GM"]
[BlackTitle "GM"]
[WhiteElo "2548"]
[BlackElo "2442"]
[WhiteTeam "C'Chartres Echecs"]
[BlackTeam "Tremblay en France"]
[WhiteFideId "36083534"]
[BlackFideId "621650"]
[EventDate "2023.06.01"]

1. e4 d6 2. Nc3 Nf6 3. g3 e5 4. Bg2 c6 5. d4 Be7 6. a4 a5 7. Nge2 O-O 8. O-O Na6
9. h3 Nb4 10. Be3 Re8 11. g4 exd4 12. Bxd4 d5 13. e5 Nd7 14. f4 Bc5 15. Qd2 f6
16. exf6 Qxf6 17. Rae1 b6 18. g5 Qd6 19. f5 Ne5 20. f6 Ba6 21. Bxc5 Qxc5+ 22.
Kh1 g6 23. Rf4 Nf7 24. Nd4 Rxe1+ 25. Qxe1 Qd6 26. Qe3 Qd7 27. Qe7 Qxe7 28. fxe7
Bb7 29. Rf6 Re8 30. Re6 Nxg5 31. Re2 Nf7 32. Nd1 Nd6 33. c3 Nd3 34. Re6 Ne4 35.
Bxe4 dxe4 36. Ne3 Nf4 37. Rf6 Nh5 38. Re6 Nf4 39. Rf6 Nh5 40. Re6 Ng7 1/2-1/2

[Event "TCh-FRA Top 16 GpA 2023"]
[Site "Chartres FRA"]
[Date "2023.06.06"]
[Round "6.1"]
[Board "7"]
[White "Stephan, Victor"]
[Black "Kuhn, Clement"]
[Result "1-0"]
[WhiteTitle "IM"]
[BlackTitle "FM"]
[WhiteElo "2386"]
[BlackElo "2313"]
[WhiteTeam "C'Chartres Echecs"]
[BlackTeam "Tremblay en France"]
[WhiteFideId "656666"]
[BlackFideId "36099775"]
[EventDate "2023.06.01"]

1. d4 Nf6 2. Nf3 g6 3. c4 c5 4. d5 b5 5. Qc2 b4 6. e4 d6 7. Bd3 Bg7 8. O-O O-O
9. h3 a5 10. Bg5 h6 11. Bf4 e5 12. dxe6 Bxe6 13. Nbd2 Nc6 14. Rad1 Nh5 15. Bh2
Qe7 16. Rfe1 Rfd8 17. Nf1 Qf6 18. e5 dxe5 19. Nxe5 Nd4 20. Qc1 g5 21. Be4 Rac8
22. Nd3 Rd7 23. Kh1 Qd8 24. Ne5 Bxe5 25. Bxe5 f6 26. Bh2 f5 27. Bb1 f4 28. Nd2
Nf6 29. f3 Qe8 30. Nb3 a4 31. Nxd4 cxd4 32. Qc2 b3 33. axb3 axb3 34. Qxb3 Qf7
35. Qb6 Bxc4 36. Rxd4 Rb7 37. Qa5 Rxb2 38. Bf5 Re8 39. Rxe8+ Nxe8 40. Qc3 Be6
41. Qxb2 Bxf5 42. Bg1 Qe6 43. Qb7 Bg6 44. Rd7 Bf7 45. Re7 Qg6 46. Bd4 Kf8 47.
Re1 Qd6 48. Qa7 Qd5 49. Ba1 Qd6 50. Bb2 Qd5 51. Kh2 Qd8 52. Qa6 1-0

[Event "TCh-FRA Top 16 GpA 2023"]
[Site "Chartres FRA"]
[Date "2023.06.06"]
[Round "6.1"]
[Board "8"]
[White "Hernandez, Lara"]
[Black "Daulyte-Cornette, Deimante"]
[Result "1/2-1/2"]
[BlackTitle "IM"]
[WhiteElo "1947"]
[BlackElo "2354"]
[WhiteTeam "Tremblay en France"]
[BlackTeam "C'Chartres Echecs"]
[WhiteFideId "26022028"]
[BlackFideId "12802859"]
[EventDate "2023.06.01"]

1. d4 d5 2. Nf3 Nf6 3. g3 c5 4. Bg2 cxd4 5. O-O h6 6. b3 Nc6 7. Nxd4 e5 8. Nxc6
bxc6 9. c4 Be6 10. Bb2 Qd6 11. Nc3 Be7 12. cxd5 cxd5 13. Rc1 Rb8 14. Na4 O-O 15.
Nc5 Bf5 16. Nd3 Nd7 17. Qd2 Bf6 18. Qa5 Rfd8 19. Ba3 Qb6 20. Qxd5 Qa6 21. Bd6
Be6 22. Rc6 Qxa2 23. Qe4 Rb5 24. Qa4 Qxb3 25. Qxa7 Bd5 26. Nc1 Qb2 27. Ba3 Qd2
28. Rd6 Nf8 29. Rxd8 Bxd8 30. Bxf8 Bxg2 31. Kxg2 Kxf8 32. Qa8 Ra5 33. Qc6 Qd5+
34. Qxd5 Rxd5 35. Nd3 e4 36. Nb2 Rd2 37. Rd1 Rxb2 38. Rxd8+ Ke7 39. Rg8 Rxe2 40.
Kf1 Rb2 41. Rxg7 Kf6 42. Rg4 Ke5 43. Rh4 Rb6 44. Rh5+ f5 45. g4 Kf4 46. Rxf5+
Kxg4 47. Re5 Kf4 48. Re8 Rb5 1/2-1/2

[Event "TCh-FRA Top 16 GpA 2023"]
[Site "Chartres FRA"]
[Date "2023.06.06"]
[Round "6.2"]
[Board "1"]
[White "Ragger, Markus"]
[Black "Ter-Sahakyan, Samvel"]
[Result "1/2-1/2"]
[WhiteTitle "GM"]
[BlackTitle "GM"]
[WhiteElo "2631"]
[BlackElo "2598"]
[WhiteTeam "Bischwiller"]
[BlackTeam "Lyon Olympique Echecs"]
[WhiteFideId "1610856"]
[BlackFideId "13302531"]
[EventDate "2023.06.01"]

1. e4 c5 2. c3 d5 3. exd5 Qxd5 4. d4 Nf6 5. Nf3 e6 6. Na3 Nc6 7. Be3 cxd4 8. Nb5
Qd7 9. Nbxd4 Nd5 10. Bd2 Bd6 11. Nxc6 bxc6 12. Qc2 Rb8 13. Rd1 e5 14. Be2 Qe7
15. O-O e4 16. Nd4 Bd7 17. c4 Nf6 18. Bc3 O-O 19. Qd2 Rbd8 20. Ba5 Qe5 21. f4
exf3 22. Nxf3 Qc5+ 23. Kh1 Ne4 24. Qe1 Rde8 25. b4 Qh5 26. Qh4 Bg4 27. Qxh5 Bxh5
28. Nd4 Bxe2 29. Nxe2 Be5 30. Nd4 Bxd4 31. Rxd4 f6 32. b5 Re5 33. a4 Rc8 34. Kg1
cxb5 35. axb5 Nc5 36. Bc3 Re3 37. Bd2 Re4 38. Bc3 Re3 39. Bd2 Re4 40. Bc3 Re3 1/2-1/2

[Event "TCh-FRA Top 16 GpA 2023"]
[Site "Chartres FRA"]
[Date "2023.06.06"]
[Round "6.2"]
[Board "2"]
[White "Grigoryan, Karen H."]
[Black "Bacrot, Etienne"]
[Result "1/2-1/2"]
[WhiteTitle "GM"]
[BlackTitle "GM"]
[WhiteElo "2626"]
[BlackElo "2672"]
[WhiteTeam "Lyon Olympique Echecs"]
[BlackTeam "Bischwiller"]
[WhiteFideId "13301004"]
[BlackFideId "605506"]
[EventDate "2023.06.01"]

1. c4 c6 2. Nf3 d5 3. e3 Nf6 4. Nc3 Nbd7 5. cxd5 cxd5 6. d4 e6 7. Bd3 Bd6 8. O-O
O-O 9. e4 dxe4 10. Nxe4 Nxe4 11. Bxe4 h6 12. Re1 Nf6 13. Bd3 b6 14. Ne5 Bb7 15.
Re3 Rc8 16. h3 Bb8 17. Rg3 Bxe5 18. dxe5 Ne4 19. Rg4 h5 20. Rf4 Nc5 21. Rd4 Nxd3
22. Rxd8 Rfxd8 23. Be3 Nf4 24. Qa4 Nxg2 25. Qxa7 Nxe3 26. Qxb7 Nd5 27. a4 Rc4
28. a5 Rc7 29. Qa6 bxa5 30. Qb5 Rc2 31. Ra4 Ne3 32. Rf4 Nd5 33. Rf3 Rdc8 34. Ra3
R2c5 35. Qb7 R5c7 36. Qa6 Rb8 37. Qe2 Rc1+ 38. Kh2 Rc5 39. Qxh5 Rxb2 40. Qh4 Rb8
41. Qg5 Rc2 42. Kg2 Rc4 43. Rxa5 Nf4+ 44. Kh2 Ng6 1/2-1/2

[Event "TCh-FRA Top 16 GpA 2023"]
[Site "Chartres FRA"]
[Date "2023.06.06"]
[Round "6.2"]
[Board "3"]
[White "Fressinet, Laurent"]
[Black "Pichot, Alan"]
[Result "1-0"]
[WhiteTitle "GM"]
[BlackTitle "GM"]
[WhiteElo "2632"]
[BlackElo "2638"]
[WhiteTeam "Bischwiller"]
[BlackTeam "Lyon Olympique Echecs"]
[WhiteFideId "608742"]
[BlackFideId "110973"]
[EventDate "2023.06.01"]

1. d4 Nf6 2. c4 e6 3. Nf3 d5 4. Nc3 dxc4 5. e3 a6 6. a4 c5 7. Bxc4 Nc6 8. O-O
Be7 9. dxc5 Qc7 10. b3 Bxc5 11. Bb2 O-O 12. Rc1 b6 13. Bd3 Rd8 14. Qe2 Nb4 15.
Bb1 Bb7 16. Ng5 Qe7 17. Nce4 Nxe4 18. Nxe4 Bxe4 19. Bxe4 Rac8 20. Rc4 Nd5 21.
Bb1 a5 22. Qh5 f5 23. e4 g6 24. Qh6 Nf6 25. exf5 Bxf2+ 26. Kh1 exf5 27. Rxc8
Rxc8 28. b4 axb4 29. Ba2+ Kh8 30. Qd2 Bh4 31. g3 Qe4+ 32. Qg2 Rc2 33. Qxe4 fxe4
34. Rb1 Bg5 35. h4 Rxb2 36. Rxb2 Be3 37. Rxb4 Bc5 38. Rb2 e3 39. Kg2 Ne4 40. Bc4
Kg7 41. Bd3 Nc3 42. Rc2 Bd4 43. Kf3 Kf6 44. g4 h6 45. Rb2 Ke5 46. Rh2 Nxa4 47.
Bxg6 Nc5 48. Bc2 Ne6 49. Bb3 Nf4 50. Bc4 Bc5 51. Rh1 Bd4 52. h5 b5 53. Bxb5 Ne6
54. Rf1 Bb6 55. Bd3 Bc5 56. Bc4 Ng5+ 57. Ke2 Ne4 58. Rf3 Kd4 59. Ba6 Nc3+ 60.
Kf1 Be7 61. Rf4+ Ke5 62. Rf5+ Ke4 63. Be2 Bh4 64. Rf7 Bg5 65. Rf8 Bh4 66. Rc8
Nd5 67. Rc4+ Ke5 68. Kg2 Bg5 69. Kf3 Nf6 70. Ra4 Kd5 71. Bd1 Ke5 72. Bb3 Kd6 73.
Rd4+ Ke5 74. Rd1 Bf4 75. Ra1 Bg5 76. Ra4 Kd6 77. Ra5 Kd7 78. Bc2 Kd6 79. Bd3 Ke6
80. Rb5 Kd6 81. Rxg5 hxg5 82. h6 Nd7 83. h7 Ne5+ 84. Kxe3 Nf7 85. Ke4 Ke7 86.
Kf5 Kf8 87. Bc4 Nh8 88. Kf6 Nf7 89. Bd3 Nh8 90. Bg6 Nf7 91. Bh5 Nh8 92. Kxg5 Kg7
93. Kf5 Kxh7 94. Kf6 Kg8 95. g5 Kf8 96. Bg4 Nf7 97. g6 Nd8 98. g7+ Kg8 99. Bf3 1-0

[Event "TCh-FRA Top 16 GpA 2023"]
[Site "Chartres FRA"]
[Date "2023.06.06"]
[Round "6.2"]
[Board "4"]
[White "Vernay, Clovis"]
[Black "Rodshtein, Maxim"]
[Result "1/2-1/2"]
[WhiteTitle "GM"]
[BlackTitle "GM"]
[WhiteElo "2491"]
[BlackElo "2604"]
[WhiteTeam "Lyon Olympique Echecs"]
[BlackTeam "Bischwiller"]
[WhiteFideId "633046"]
[BlackFideId "2806851"]
[EventDate "2023.06.01"]

1. d4 Nf6 2. c4 e6 3. Nc3 Bb4 4. e3 O-O 5. Bd2 d5 6. Rc1 Nbd7 7. Nf3 Be7 8. cxd5
exd5 9. Bd3 c6 10. O-O Re8 11. Qc2 Bd6 12. Rfe1 h6 13. h3 Nb6 14. a3 Be6 15. b4
a5 16. bxa5 Rxa5 17. a4 Ra7 18. Ra1 Nbd7 19. Reb1 Bc7 20. a5 Bxa5 21. Ne2 Ne4
22. Bxa5 Rxa5 23. Rxa5 Qxa5 24. Rxb7 Nd6 25. Rb1 c5 26. dxc5 Nxc5 27. Nfd4 Rc8
28. Nf4 Qa3 29. Qc1 Qxc1+ 30. Rxc1 g5 31. Nfxe6 fxe6 32. Be2 Kf7 33. Bg4 Ke7 34.
Ra1 Rc7 35. Ra8 e5 36. Nf5+ Nxf5 37. Bxf5 e4 38. Rh8 Rc6 39. Rh7+ Kf8 40. Rh8+
Ke7 41. Rh7+ Kf8 42. Rh8+ 1/2-1/2

[Event "TCh-FRA Top 16 GpA 2023"]
[Site "Chartres FRA"]
[Date "2023.06.06"]
[Round "6.2"]
[Board "5"]
[White "Naiditsch, Arkadij"]
[Black "Benitah, Yohan"]
[Result "1-0"]
[WhiteTitle "GM"]
[BlackTitle "IM"]
[WhiteElo "2669"]
[BlackElo "2361"]
[WhiteTeam "Bischwiller"]
[BlackTeam "Lyon Olympique Echecs"]
[WhiteFideId "4650891"]
[BlackFideId "609560"]
[EventDate "2023.06.01"]

1. e4 c5 2. Nc3 d6 3. Nf3 Nf6 4. d4 cxd4 5. Nxd4 a6 6. h3 e6 7. g4 b5 8. Bg2 Bb7
9. a3 Nc6 10. O-O Rc8 11. Nxc6 Bxc6 12. Bf4 Be7 13. Qe2 O-O 14. Rad1 Qc7 15. h4
Nd7 16. g5 Ne5 17. Bc1 Nc4 18. b3 Nb6 19. h5 Bd7 20. Rd3 a5 21. e5 d5 22. Qe3 b4
23. axb4 axb4 24. Ne2 Bb5 25. Rd2 Qd8 26. g6 hxg6 27. hxg6 fxg6 28. Bh3 Bd7 29.
Bb2 Na8 30. Qg3 Bh4 31. Qxg6 Qg5+ 32. Qxg5 Bxg5 33. f4 Bh6 34. Bd4 Rf7 35. Ra1
Re8 36. Be3 Nc7 37. Rd4 g5 38. Kh2 Bb5 39. Bg4 Bxe2 40. Bxe2 gxf4 41. Rg1+ Rg7
42. Rxg7+ Kxg7 43. Bxf4 Bxf4+ 44. Rxf4 Rb8 45. Kg3 Rb6 46. Kg4 Na6 47. Bxa6 Rxa6
48. Rxb4 Rc6 49. Kg5 Rc7 50. Ra4 Kf7 51. Ra2 Ke7 52. b4 Rb7 53. Rb2 Rb8 54. b5
Kf7 55. b6 Rg8+ 56. Kf4 Ke7 57. b7 Rb8 58. Kg5 1-0

[Event "TCh-FRA Top 16 GpA 2023"]
[Site "Chartres FRA"]
[Date "2023.06.06"]
[Round "6.2"]
[Board "6"]
[White "Tahay, Alexis"]
[Black "Bellahcene, Bilel"]
[Result "0-1"]
[WhiteTitle "IM"]
[BlackTitle "GM"]
[WhiteElo "2421"]
[BlackElo "2497"]
[WhiteTeam "Lyon Olympique Echecs"]
[BlackTeam "Bischwiller"]
[WhiteFideId "26090961"]
[BlackFideId "696358"]
[EventDate "2023.06.01"]

1. e4 e5 2. Nf3 Nf6 3. Nxe5 d6 4. Nf3 Nxe4 5. Nc3 Nxc3 6. dxc3 Be7 7. Bf4 Nd7 8.
Qd2 Nc5 9. O-O-O O-O 10. Bc4 Be6 11. Bxe6 Nxe6 12. h4 Qd7 13. Bg5 Rfe8 14. Kb1
Bf8 15. Be3 a5 16. Qd3 a4 17. Rh3 Ra5 18. Ng5 g6 19. Rdh1 h6 20. Ne4 Bg7 21. g4
Qc6 22. h5 g5 23. f3 a3 24. b4 Rd5 25. Qf1 Re5 26. Bd2 d5 27. Nf2 Nf4 28. R3h2
Re2 29. Nd1 Rxd2 30. Rxd2 Bxc3 31. Qf2 Bxd2 32. Qxd2 Re2 33. Qc3 d4 34. Qxc6
bxc6 35. Rf1 Nd5 0-1

[Event "TCh-FRA Top 16 GpA 2023"]
[Site "Chartres FRA"]
[Date "2023.06.06"]
[Round "6.2"]
[Board "7"]
[White "Maze, Sebastien"]
[Black "Crut, Aurelien"]
[Result "1-0"]
[WhiteTitle "GM"]
[BlackTitle "IM"]
[WhiteElo "2539"]
[BlackElo "2343"]
[WhiteTeam "Bischwiller"]
[BlackTeam "Lyon Olympique Echecs"]
[WhiteFideId "613762"]
[BlackFideId "610569"]
[EventDate "2023.06.01"]

1. e4 e6 2. d4 d5 3. Nc3 Nc6 4. Nf3 Nf6 5. Bg5 Be7 6. Bd3 Nb4 7. e5 Nd7 8. Bxe7
Qxe7 9. O-O O-O 10. Re1 b6 11. Ne2 c5 12. Nf4 a5 13. Bb5 Bb7 14. c3 Nc6 15. h4
Rfc8 16. a3 Nf8 17. g3 Rc7 18. Nh5 cxd4 19. Bxc6 Bxc6 20. Nxd4 Ng6 21. Qg4 Bd7
22. Kh2 Rc4 23. Nf4 Nxf4 24. gxf4 f5 25. Qg3 Kh8 26. Rg1 Rf8 27. Qh3 b5 28. Rg3
Rg8 29. b4 a4 30. Rag1 Be8 31. h5 Rc7 32. Kg2 Bd7 33. Kf1 Rcc8 34. Rg6 Qf7 35.
Ke1 Rce8 36. Kd2 Rc8 37. R1g3 Rcd8 38. Nf3 h6 39. Nd4 Rc8 40. Qg2 Rce8 41. Qg1
Rc8 42. f3 Qe7 43. Ne2 Rcd8 44. Qb6 Kh7 45. Qc7 Qh4 46. Ke3 Qxh5 47. Rxg7+ Rxg7
48. Rxg7+ Kxg7 49. Qxd8 Qf7 50. Nc1 d4+ 51. Kxd4 Bc6 52. Nd3 Bxf3 53. c4 bxc4
54. Nc5 Bd5 55. Nd7 Bc6 56. Nc5 Bd5 57. b5 Qg6 58. Qe7+ Kg8 59. Kc3 Qg3+ 60. Kb4
Qe1+ 61. Kxa4 c3 62. Nd7 1-0

[Event "TCh-FRA Top 16 GpA 2023"]
[Site "Chartres FRA"]
[Date "2023.06.06"]
[Round "6.2"]
[Board "8"]
[White "Djidjeli, Sarah"]
[Black "Sebag, Marie"]
[Result "0-1"]
[WhiteTitle "WFM"]
[BlackTitle "GM"]
[WhiteElo "2018"]
[BlackElo "2421"]
[WhiteTeam "Lyon Olympique Echecs"]
[BlackTeam "Bischwiller"]
[WhiteFideId "36067474"]
[BlackFideId "617822"]
[EventDate "2023.06.01"]

1. e4 c5 2. Nf3 d6 3. Bb5+ Nd7 4. d4 cxd4 5. Nxd4 Nf6 6. O-O a6 7. Bd3 Nc5 8.
Nc3 g6 9. Re1 Bg7 10. Bf1 O-O 11. a4 Re8 12. f3 b6 13. Be3 Bb7 14. Qd2 Qc7 15.
Nde2 e6 16. Bf4 e5 17. Be3 Red8 18. b4 Ncd7 19. Rad1 Bf8 20. Nd5 Nxd5 21. exd5
a5 22. Rb1 Rdc8 23. Rec1 Qc4 24. bxa5 Rxa5 25. Bxb6 Rxa4 26. Nd4 Qa2 27. Bb5
Nxb6 28. Bxa4 Qxa4 29. Rxb6 Bh6 30. f4 Bxf4 31. Qb4 Qxb4 32. Rxb4 Bxc1 0-1